| 000 | 00468nam a2200181Ia 4500 | ||
|---|---|---|---|
| 003 | OSt | ||
| 005 | 20230511151743.0 | ||
| 008 | 210423s1990 xx 000 0 und d | ||
| 040 | _cAL | ||
| 041 | _aeng | ||
| 082 |
_a370 _223 _bVYAE |
||
| 100 |
_aVYAS (R N). _9103642 |
||
| 245 | _aEducation for political leadership. | ||
| 260 |
_aKottaym _bOxford University Press _c1990 |
||
| 365 |
_b30 _cINR |
||
| 906 | _aEducation ; leadership. ; political | ||
| 942 |
_2ddc _cBK |
||
| 999 |
_c172053 _d172053 |
||